000 00353 a2200169 4500
001 189330
020 _a85-01-05994-3
040 _cMagnum
100 _aZagury, Tania
240 1 0 _aLimites sem trauma
_lpor
245 1 0 _aLimites sem trauma
300 _a174
362 0 _a2000
440 1 _aRecord
697 _aEDUCAÇÃO E ENSINO
942 _cBK
999 _c189330
_d189330